Central Library OPAC University of Rajshahi

Kohinoor (Record no. 37913)

MARC details
000 -LEADER
fixed length control field 01183njm a2200229 a 4500
001 - CONTROL NUMBER
control field 37913
003 - CONTROL NUMBER IDENTIFIER
rucl marc code (BD-RjUL)
005 - DATE AND TIME OF LATEST TRANSACTION
control field 20211209052704.0
008 - FIXED-LENGTH DATA ELEMENTS--GENERAL INFORMATION
fixed length control field 150810s2009 ii ||||gs|||| 00| 0 eng d
035 ## - SYSTEM CONTROL NUMBER
System control number (BD-RjUL)38018
040 ## - CATALOGING SOURCE
Original cataloging agency BD-RjUL
Language of cataloging eng
Transcribing agency BD-RjUL
041 ## - LANGUAGE CODE
Language code of text/sound track or separate title eng
082 ## - DEWEY DECIMAL CLASSIFICATION NUMBER
Edition number 22
Classification number 782.8
Author mark and year KOH 2009
245 ## - TITLE STATEMENT
Title Kohinoor
Remainder of title [ songs: a unique collection of artistics awarded with bharat ratna and padma vibhushan awards]
Statement of responsibility, etc. Indian Classical Music.
Medium [Sound Recording]/
260 ## - PUBLICATION, DISTRIBUTION, ETC. (IMPRINT)
Place of publication, distribution, etc. India :
Name of publisher, distributor, etc. Indian Classical Music,
Date of publication, distribution, etc. p & c2009.
300 ## - PHYSICAL DESCRIPTION
Pagination 16 Sound disc :
Illustrations digital, analog;
Size 4 3\4 in (each).
Accompanying material Songs.
500 ## - GENERAL NOTE
General note Compact disc.
505 ## - FORMATTED CONTENTS NOTE
Formatted contents note CD 1. Satyajit-- CD 2. Subbulakshmi-- CD 3. Pt. Ravi Shankar-- CD 4. Lata Mangeshkar-- CD 5. Ustad Bismillah Khan-- CD 6. Acharya Allauddin Khan-- CD 7. Ustad Ali Akbar Khan-- CD 8. Bhimsen Joshi-- CD 9. Dr. Balmuralikrishanan-- CD 10. Pt. Jasraj-- CD 11. Pt. Hariprasad Chaurasia-- CD 12. Pt. Shiv Kumar Sharma-- CD 13. Ustad Amjad Ali Khan-- CD 14. Dr. Gangubai Hangal-- CD 15. Kishori Amonkar-- CD 16. Pt. Ram Narayan--
650 ## - SUBJECT ADDED ENTRY--TOPICAL TERM
Topical term or geographic name as entry element Vocal Music
9 (RLIN) 117461
Geographic subdivision India.
Topical term or geographic name as entry element Songs, Bangla
9 (RLIN) 117475
942 ## - ADDED ENTRY ELEMENTS (KOHA)
Source of classification or shelving scheme Dewey Decimal Classification
Koha item type Audio Visual (AV) Materials
Holdings
Lost status Source of classification or shelving scheme Damaged status Not for loan Collection code Permanent Location Current Location Shelving location Date acquired Cost, normal purchase price Total Checkouts Full call number Date last seen Copy number Koha item type
  Dewey Decimal Classification   Not For Loan Non-fiction Central Library, University of Rajshahi Central Library, University of Rajshahi Audio Visual Section 10/08/2015 1999.00   AV 782.8 KOH 2009 10/08/2015 C.1 Audio Visual (AV) Materials